La circulació motoritzada en espais naturals
Descripción Física:
1 fulletó ; il·lustració color ; 10 x 21 cm
Idioma:
Catalán
MARC
| LEADER | 00000nam a22000007a 4500 | ||
|---|---|---|---|
| 001 | 28462 | ||
| 003 | AGDB | ||
| 005 | 20260324181523.0 | ||
| 008 | 240404b spa||||| |||| 00| 0 cat d | ||
| 017 | |a B 6126-2023 | ||
| 040 | |a agdb |b cat | ||
| 245 | |a La circulació motoritzada en espais naturals | ||
| 260 | |a Barcelona : |b Diputació de Barcelona ; |c 2023 | ||
| 300 | |a 1 fulletó ; |b il·lustració color ; |c 10 x 21 cm | ||
| 650 | 0 | |a Educació viària |2 Arxiu |9 49247 | |
| 650 | 0 | |a Natura |x Protecció |9 40664 | |
| 650 | 0 | |a Parcs naturals |x Protecció |9 5116 | |
| 655 | 0 | |a Fulletons |9 55858 | |
| 710 | 1 | |a Barcelona (Catalunya : Província). |b Xarxa de Parcs Naturals |9 7250 | |
| 710 | 1 | |a Barcelona (Catalunya : Província). |b Gerència de Serveis d’Espais Naturals |9 52730 | |
| 710 | 1 | |a Barcelona (Catalunya : Província). |b Àrea d'Infraestructures i Espais Naturals |9 55815 | |
| 856 | 4 | 0 | |u https://parcs.diba.cat/documents/10344/168215889/CirculacioMotoritzada.pdf/ |y Accés lliure (Portal de la Xarxa de Parcs Naturals) |
| 942 | |2 udc |c ARXIU |n 1 | ||
| 952 | |0 0 |1 0 |4 0 |6 FU779 |7 1 |9 96904 |a Arxiu |b Arxiu |d 2024-04-04 |l 0 |o FU-77-9 |p 28462 |r 2024-04-04 00:00:00 |w 2024-04-04 |y ARXIU | ||
| 999 | |c 128750 |d 128750 | ||